000 01117nam a2200193 u 4500
001 000004817
005 20240304144221.0
008 090727s1998 dr r 000 0 spa d
040 _aDO-SdBNP
_bspa
_cBNPHU
082 _a306.8742
_bC118i
100 1 _aCáceres Ureña, Francisco I.
_97695
245 1 3 _aEl incremento de la maternidad adolescente en la República Dominicana 1991-1996 /
_cFrancisco I. Cáceres Ureñas.
260 _aSanto Domingo :
_bInstituto de Estudios de Población y Desarrollo :
_bFondo de Población de las Naciones Unidas,
_c1998.
300 _a116 p. ;
_c21 cm.
504 _aBibliografía
505 2 _aRiesgos del embarazo en las adolescentes -- Factores condicionantes del embarazo en adolescentes -- Operacionalización del esquema de análisis -- Tendencias y diferenciales de la maternidad en las adolescentes dominicanas -- Cambios recientes en la composición de la población adolescente femenina -- Determinantes de la maternidad en las adolescentes dominicanas.
650 4 _aEmbarazo en adolescentes
_zRepública Dominicana
_913981
650 4 _aAdolescentes
_xConducta sexual
_913982
999 _c4623
_d4623